| 000 | 00597nam a2200229 i 4500 | ||
|---|---|---|---|
| 001 | bgj | ||
| 100 | 1 |
_aMICHENER, James Albert _d(1907- ). |
|
| 245 | 1 | 0 |
_aThe Drifters : _ba novel / _cJames A. Michener. |
| 260 |
_aNew York : _bFawcett Crest, _c1972. |
||
| 300 |
_a768 p. : _bmaps ; _c18 cm. |
||
| 490 | 1 | _aA Fawcett Crest Book | |
| 650 | 9 | _aTravelers | |
| 651 | 9 | _aAfrica, North | |
| 655 | _aFiction | ||
| 830 | _aA Fawcett Crest Book | ||
| 020 | _a0449213536 | ||
| 040 | _cBPK | ||
| 041 | 0 | _aeng | |
| 920 | _a0-449-21353-6 | ||
| 942 | _cKS | ||
| 008 | s uk f |000 0 eng | ||
| 999 |
_c47839 _d47839 |
||
| 856 |
_uhttp://koha.tu.koszalin.pl/cgi-bin/koha/opac-detail.pl?biblionumber=47839 _yKatalog online BPK |
||